[Event "Bad Breisig op"]
[Site "Bad Breisig"]
[Date "2002.??.??"]
[Round "4"]
[White "Juergens, Ralf"]
[Black "Noettger, Eckard"]
[Result "1-0"]
[WhiteElo "1800"]
[BlackElo "1763"]
[PlyCount "103"]
[EventDate "2002.??.??"]
[EventType "swiss"]
[EventRounds "9"]
[EventCountry "GER"]
[SourceTitle "EXT 2006"]
[Source "ChessBase"]
[SourceDate "2005.11.24"]
[SourceVersion "1"]
[SourceVersionDate "2005.11.24"]
[SourceQuality "1"]

1. e4 c5 2. Nf3 e6 3. g3 Nc6 4. Bg2 Qc7 5. c4 Nf6 6. Nc3 a6 7. 0-0 Be7 8. b3 0-0 9. d4 cxd4 10. Nxd4 Nxd4 11. Qxd4 d6 12. Bb2 Bd7 13. Kh1 Bc6 14. Nd1 Ne8 15. Ne3 Bf6 16. Qd2 Bxb2 17. Qxb2 Nf6 18. Qd4 Rfd8 19. Rad1 Qa5 20. a4 Qc5 21. Qd3 b5 22. cxb5 axb5 23. Rc1 Qb6 24. Rxc6 Qxc6 25. e5 Nd5 26. Nxd5 exd5 27. Bxd5 Qc8 28. Qxb5 Rb8 29. Qe2 dxe5 30. Qxe5 Re8 31. Qf4 Qd7 32. Qf3 g6 33. Bc4 Re5 34. Rd1 Qa7 35. Rd5 Rbe8 36. Rxe5 Rxe5 37. Kg2 Rf5 38. Qe3 Qb7+ 39. f3 Qd7 40. g4 Rf6 41. a5 Rd6 42. a6 Rd2+ 43. Kh3 Qd6 44. f4 Ra2 45. Qe8+ Qf8 46. Bxf7+ Kg7 47. Qxf8+ Kxf8 48. Bc4 Ke7 49. b4 Ra4 50. b5 Rxc4 51. a7 Ra4 52. b6 1-0

[Event "Bad Breisig op"]
[Site "Bad Breisig"]
[Date "2002.??.??"]
[Round "2"]
[White "Juergens, Ralf"]
[Black "Reimann, Guenther"]
[Result "0-1"]
[WhiteElo "1800"]
[BlackElo "1747"]
[PlyCount "102"]
[EventDate "2002.??.??"]
[EventType "swiss"]
[EventRounds "9"]
[EventCountry "GER"]
[SourceTitle "EXT 2006"]
[Source "ChessBase"]
[SourceDate "2005.11.24"]
[SourceVersion "1"]
[SourceVersionDate "2005.11.24"]
[SourceQuality "1"]

1. e4 c5 2. Nf3 d6 3. Bc4 Nf6 4. Nc3 a6 5. a4 Nbd7 6. d3 g6 7. 0-0 Bg7 8. Bxf7+ Kxf7 9. Ng5+ Kg8 10. Ne6 Qb6 11. a5 Qc6 12. Nd8 Qc7 13. Ne6 Qb8 14. g4 Ne5 15. Nxg7 Kxg7 16. g5 Nh5 17. f4 Bg4 18. Qe1 Nf3+ 19. Rxf3 Bxf3 20. h3 Qc8 21. Qf1 Bg4 22. hxg4 Qxg4+ 23. Qg2 Qxg2+ 24. Kxg2 Rhf8 25. Nd5 Kf7 26. e5 dxe5 27. fxe5 Rac8 28. Ra3 Ke6 29. Nb6 Rcd8 30. Rc3 Rf5 31. Rxc5 Rxe5 32. Rxe5+ Kxe5 33. Be3 Kf5 34. Kf3 Ng7 35. Bc5 e5 36. Nc4 Rd7 37. Bd6 Ne6 38. Bxe5 Nd4+ 39. Bxd4 Rxd4 40. Ke3 Rd8 41. d4 Kxg5 42. Ne5 Rd5 43. b4 Kf5 44. Nd3 Rd7 45. Nc5 Re7+ 46. Kd2 g5 47. Nd3 g4 48. c4 g3 49. Ne1 Re4 50. c5 Rxd4+ 51. Kc3 Re4 0-1